Un plan d’affaires pour le trarailleun autonome

Na minha lista:
Detalhes bibliográficos
Formato: Livro
Tags: Adicionar Tag
Sem tags, seja o primeiro a adicionar uma tag!
Thư viện lưu trữ: Mạng thư viện Đại học Đà Nẵng
LEADER 00437nam a22001691a 4500
001 000036580
003 12875
005 20160408151554.0
008 160408s0 000
082 |a 4P(07) 349 
245 |a Un plan d’affaires pour le trarailleun autonome  |c Alain Sam Son 
OWN |a LNN 
999 |a From the UDN01 
TYP |a Monograph 
980 |a Mạng thư viện Đại học Đà Nẵng